000 00988nam a2200253 4500
001 144879
003 ES-MaACL
005 20230906201122.0
007 t|
008 070214s1965 sp r ||||1| spa d
100 1 _aSmit, Jan.
_9106842
245 1 0 _aFerritas
_b: propiedades físicas de los óxidos ferrimagnéticos en relación con sus aplicaciones técnicas /
_cpor J. Smit y H.P.J. Wijn ; [traducida por José Baltá Elías, F.J. Baltá Calleja, Rafael Núñez-Lagos].
260 _aMadrid :
_bParaninfo,
_c1965 (
_fGráf. Valera)
300 _aXII, 411 p., 5 lám. :
_bil. ;
_c22 cm.
490 1 _aBiblioteca técnica Philips
650 4 _aMateriales magnéticos.
_9146071
700 1 _aWijn, Henricus Petrus Johannes.
_9116798
700 1 _aBaltá Elías, José.
_925118
700 1 _aBalta Calleja, F. J.
_925117
700 1 _aNúñez-Lagos Roglá, Rafael.
_986210
830 1 _aBiblioteca técnica Philips
_9181540
852 _aES-MaACL
_jC-28256
999 _c144879
_d144879